Festes populars a Catalunya / Avel·lí Artís Gener, Bienve Moya ; pròleg: Pere Voltes Bou Pere Voltes Bou
Descripción Física:
155 p. : il., negre i col. ; 30 cm
Materias:
Festes populars -- Catalunya
MARC
| LEADER | 00000nam a2200000Ia 4500 | ||
|---|---|---|---|
| 001 | 1784 | ||
| 008 | 160829s1980 xx 000 0 cat d | ||
| 080 | |a M-1-168 | ||
| 100 | |a Artís-Gener, Avel·lí |9 28911 |e autor | ||
| 245 | |a Festes populars a Catalunya / Avel·lí Artís Gener, Bienve Moya ; pròleg: |b Pere Voltes Bou | ||
| 260 | |a Barcelona : |b HMB, |c 1980 | ||
| 300 | |a 155 p. : |b il., negre i col. ; |c 30 cm | ||
| 650 | |a Festes populars |x Catalunya |9 28912 | ||
| 700 | |a Moya, Bienve |9 28913 |e autor | ||
| 700 | 1 | |a Voltes Bou, Pere, |d 1926-2009 |e autor del pròleg |9 22645 | |
| 901 | |a Arxiu | ||
| 942 | |n 1 |2 udc | ||
| 952 | |0 0 |1 0 |4 0 |6 M1168 |7 1 |9 44972 |a Arxiu |b Arxiu |d 2016-12-01 |l 0 |o M-1-168 |p 1784 |r 2016-12-01 00:00:00 |w 2016-12-01 |y ARXIU | ||
| 999 | |c 47571 |d 47571 | ||